[Event "Chess House 2012"]
[Site "?"]
[Date "2012.07.09"]
[Round "3.1"]
[White "Skytte, 1948, Torill"]
[Black "Fredericia, 2081, WFM Louise"]
[Result "0-1"]
[LiveChessVersion "1.3.1"]
[BlackElo "2081"]
[WhiteElo "1948"]

1. d4 Nf6 2. Bf4 d6 3. e3 Nbd7 4. Nf3 Nh5 5. Bg5 h6 6. Bh4 g5 7. Bg3 c6 8. c4 Bg7
9. Nc3 Nxg3 10. hxg3 e5 11. Be2 Qe7 12. O-O e4 13. Nd2 Nf6 14. b4 h5 15. b5 h4
16. g4 d5 17. bxc6 bxc6 18. Qa4 Bd7 19. cxd5 cxd5 20. Bb5 Rc8 21. Bxd7+ Qxd7 22.
Qxd7+ Kxd7 23. Rac1 Rc7 24. Nb3 Bf8 25. Nb5 Rb7 26. Nc5+ Bxc5 27. Rxc5 Rhb8 28.
Nc3 Kd6 29. a4 a6 30. Rc1 Rb2 31. a5 R8b3 32. Na4 Rb1 33. Nb6 Rxc1+ 34. Rxc1 Nxg4
35. Nc8+ Ke6 36. Kf1 Rb2 37. Rc6+ Kd7 38. Rc5 Rxf2+ 39. Ke1 Rxg2 40. Nb6+ Ke6 41.
Rc6+ Ke7 42. Nxd5+ Kf8 43. Rxa6 h3 44. Ra8+ Kg7 45. Ne7 h2 46. Nf5+ Kh7 0-1

[Event "Chess House 2012"]
[Site "?"]
[Date "2012.07.09"]
[Round "3.2"]
[White "Jørgensen, 2039, Carina"]
[Black "Berg, 2005, WFM Susanna"]
[Result "1-0"]
[LiveChessVersion "1.3.1"]
[BlackElo "2005"]
[WhiteElo "2039"]

1. c4 {[%clk 1:30:57]} e6 {[%clk 1:30:46]} 2. g3 {[%clk 1:29:47]} d5
{[%clk 1:31:02]} 3. cxd5 {[%clk 1:25:24]} exd5 {[%clk 1:31:26]} 4. d4
{[%clk 1:24:08]} Nf6 {[%clk 1:30:59]} 5. Bf4 {[%clk 1:16:15]} Bb4+
{[%clk 1:25:34]} 6. Nc3 {[%clk 1:15:08]} O-O {[%clk 1:23:58]} 7. a3
{[%clk 1:12:10]} Bd6 {[%clk 1:20:49]} 8. Bxd6 {[%clk 1:11:43]} Qxd6
{[%clk 1:21:11]} 9. Bg2 {[%clk 1:11:22]} c6 {[%clk 1:17:23]} 10. e3
{[%clk 1:10:51]} Bf5 {[%clk 1:13:25]} 11. Nge2 {[%clk 1:08:49]} Re8
{[%clk 1:11:50]} 12. O-O {[%clk 1:08:57]} Nbd7 {[%clk 1:10:50]} 13. Nf4
{[%clk 1:07:38]} g5 {[%clk 1:02:19]} 14. Nd3 {[%clk 1:04:59]} Ne4
{[%clk 0:55:28]} 15. Rc1 {[%clk 0:59:42]} Bg6 {[%clk 0:49:55]} 16. Na4
{[%clk 0:57:30]} h5 {[%clk 0:43:45]} 17. b4 {[%clk 0:55:32]} Kg7 {[%clk 0:39:19]}
18. Nac5 {[%clk 0:54:15]} Ndxc5 {[%clk 0:38:38]} 19. bxc5 {[%clk 0:53:45]} Qe6
{[%clk 0:31:45]} 20. Ne5 {[%clk 0:46:20]} Bf5 {[%clk 0:24:07]} 21. f3
{[%clk 0:32:19]} Nf6 {[%clk 0:20:07]} 22. Rf2 {[%clk 0:28:45]} Nd7
{[%clk 0:19:50]} 23. e4 {[%clk 0:28:01]} Bh3 {[%clk 0:15:14]} 24. exd5
{[%clk 0:26:26]} cxd5 {[%clk 0:15:35]} 25. f4 {[%clk 0:24:22]} Bxg2
{[%clk 0:13:41]} 26. Kxg2 {[%clk 0:23:37]} Nxe5 {[%clk 0:07:03]} 27. fxe5
{[%clk 0:23:43]} Qg6 {[%clk 0:07:11]} 28. Qf3 {[%clk 0:23:24]} Qe4
{[%clk 0:06:27]} 29. Qxe4 {[%clk 0:21:02]} dxe4 {[%clk 0:06:53]} 30. Re1
{[%clk 0:19:00]} f5 {[%clk 0:07:05]} 31. Rxf5 {[%clk 0:18:13]} Kg6
{[%clk 0:07:09]} 32. Rf6+ {[%clk 0:18:22]} Kg7 {[%clk 0:07:35]} 33. Rxe4
{[%clk 0:18:26]} Rad8 {[%clk 0:07:49]} 34. g4 {[%clk 0:10:26]} h4
{[%clk 0:06:21]} 35. Rf5 {[%clk 0:10:32]} Kg6 {[%clk 0:02:58]} 36. e6
{[%clk 0:10:28]} Re7 {[%clk 0:02:12]} 37. d5 {[%clk 0:10:41]} 1-0

[Event "Chess House 2012"]
[Site "?"]
[Date "2012.07.09"]
[Round "3.3"]
[White "Agrest, 2207, WIM Inna"]
[Black "Krasenkova, 2132, WIM Ilena"]
[Result "1-0"]
[LiveChessVersion "1.3.1"]
[BlackElo "2132"]
[WhiteElo "2207"]

1. e4 {[%clk 1:30:52]} g6 {[%clk 1:30:54]} 2. d4 {[%clk 1:30:41]} Bg7
{[%clk 1:31:15]} 3. Nc3 {[%clk 1:30:30]} c6 {[%clk 1:31:24]} 4. Nf3
{[%clk 1:20:26]} d6 {[%clk 1:31:43]} 5. h3 {[%clk 1:17:36]} Nf6 {[%clk 1:32:04]}
6. Bf4 {[%clk 1:15:21]} O-O {[%clk 1:31:58]} 7. Qd2 {[%clk 1:13:25]} b5
{[%clk 1:32:08]} 8. Bd3 {[%clk 1:11:58]} Nbd7 {[%clk 1:32:14]} 9. O-O
{[%clk 1:02:05]} Re8 {[%clk 1:31:49]} 10. e5 {[%clk 0:57:52]} dxe5
{[%clk 1:18:33]} 11. dxe5 {[%clk 0:58:04]} Nh5 {[%clk 1:18:56]} 12. Bh2
{[%clk 0:57:26]} Bf8 {[%clk 1:17:58]} 13. Ne4 {[%clk 0:45:41]} Qb6
{[%clk 1:16:42]} 14. a4 {[%clk 0:36:13]} f5 {[%clk 0:54:59]} 15. exf6
{[%clk 0:28:56]} Nhxf6 {[%clk 0:48:01]} 16. Qg5 {[%clk 0:25:24]} Nxe4
{[%clk 0:39:14]} 17. Bxe4 {[%clk 0:25:51]} Nf6 {[%clk 0:39:34]} 18. Bd3
{[%clk 0:24:04]} bxa4 {[%clk 0:32:56]} 19. Rxa4 {[%clk 0:23:01]} Be6
{[%clk 0:32:36]} 20. Rh4 {[%clk 0:18:56]} Bg7 {[%clk 0:29:02]} 21. Be5
{[%clk 0:17:10]} Rad8 {[%clk 0:28:44]} 22. Qg3 {[%clk 0:14:02]} Rd7
{[%clk 0:20:48]} 23. Ng5 {[%clk 0:13:22]} Bd5 {[%clk 0:20:29]} 24. Nxh7
{[%clk 0:12:08]} Bf7 {[%clk 0:17:04]} 25. Bxg6 {[%clk 0:10:20]} c5
{[%clk 0:16:12]} 26. Bxf7+ {[%clk 0:07:56]} Kxf7 {[%clk 0:16:35]} 27. Ng5+
{[%clk 0:08:17]} Kg8 {[%clk 0:16:47]} 28. Ne4 {[%clk 0:06:44]} Rd5
{[%clk 0:13:24]} 29. c4 {[%clk 0:05:38]} Rd7 {[%clk 0:12:43]} 30. Rg4
{[%clk 0:04:26]} Nxg4 {[%clk 0:01:35]} 31. Qxg4 {[%clk 0:04:48]} e6
{[%clk 0:01:52]} 32. Nf6+ {[%clk 0:05:10]} Kf7 {[%clk 0:02:14]} 33. Nxd7
{[%clk 0:05:25]} Bxe5 {[%clk 0:02:31]} 34. Nxb6 {[%clk 0:05:47]} axb6
{[%clk 0:02:56]} 35. Qh5+ {[%clk 0:06:12]} 1-0

[Event "Chess House 2012"]
[Site "?"]
[Date "2012.07.09"]
[Round "3.4"]
[White "de Blecourt, 2069, WFM Sandra"]
[Black "Zhang, 2087, Fan"]
[Result "1-0"]
[LiveChessVersion "1.3.1"]
[BlackElo "2087"]
[WhiteElo "2069"]

1. d4 {[%clk 1:30:57]} Nf6 {[%clk 1:12:03]} 2. c4 {[%clk 1:31:20]} e6
{[%clk 1:12:24]} 3. Nc3 {[%clk 1:31:45]} Bb4 {[%clk 1:12:49]} 4. e3
{[%clk 1:32:08]} b6 {[%clk 1:13:14]} 5. Nge2 {[%clk 1:31:50]} Ne4
{[%clk 1:10:41]} 6. f3 {[%clk 1:24:27]} Nxc3 {[%clk 1:09:17]} 7. Nxc3
{[%clk 1:22:47]} Qh4+ {[%clk 1:02:41]} 8. g3 {[%clk 1:22:41]} Qh5
{[%clk 1:02:34]} 9. Bg2 {[%clk 1:14:09]} Bb7 {[%clk 1:01:55]} 10. Bd2
{[%clk 1:11:58]} Bd6 {[%clk 0:57:28]} 11. Nb5 {[%clk 1:09:46]} Na6
{[%clk 0:55:58]} 12. Nxd6+ {[%clk 1:08:53]} cxd6 {[%clk 0:56:25]} 13. O-O
{[%clk 1:03:57]} d5 {[%clk 0:51:31]} 14. cxd5 {[%clk 1:01:39]} Qxd5
{[%clk 0:51:22]} 15. Bc3 {[%clk 1:01:48]} O-O {[%clk 0:51:17]} 16. e4
{[%clk 0:59:02]} Qc4 {[%clk 0:42:58]} 17. Qd2 {[%clk 0:58:09]} d6
{[%clk 0:33:24]} 18. Rfd1 {[%clk 0:48:43]} Rac8 {[%clk 0:32:34]} 19. Rac1
{[%clk 0:46:11]} Qb5 {[%clk 0:31:25]} 20. a4 {[%clk 0:39:55]} Qd7
{[%clk 0:25:33]} 21. Bf1 {[%clk 0:35:25]} Nb8 {[%clk 0:24:13]} 22. Bb5
{[%clk 0:34:22]} Qe7 {[%clk 0:23:31]} 23. b3 {[%clk 0:26:37]} Qf6
{[%clk 0:17:38]} 24. Qe3 {[%clk 0:26:12]} Ba6 {[%clk 0:14:08]} 25. Bxa6
{[%clk 0:24:20]} Nxa6 {[%clk 0:14:37]} 26. Qd3 {[%clk 0:24:21]} Nb8
{[%clk 0:14:10]} 27. Bb4 {[%clk 0:20:59]} Nc6 {[%clk 0:13:14]} 28. Bxd6
{[%clk 0:19:07]} Rfd8 {[%clk 0:13:40]} 29. e5 {[%clk 0:19:29]} Qg5
{[%clk 0:12:59]} 30. Rc3 {[%clk 0:17:10]} Ne7 {[%clk 0:08:22]} 31. Rxc8
{[%clk 0:16:41]} Nxc8 {[%clk 0:08:39]} 32. Ba3 {[%clk 0:16:20]} h5
{[%clk 0:08:07]} 33. f4 {[%clk 0:16:02]} Qg4 {[%clk 0:07:47]} 34. Rc1
{[%clk 0:16:03]} h4 {[%clk 0:07:45]} 35. Kg2 {[%clk 0:15:38]} h3+
{[%clk 0:07:00]} 36. Kf2 {[%clk 0:15:53]} g5 {[%clk 0:05:24]} 37. Qf3
{[%clk 0:11:53]} Qf5 {[%clk 0:05:21]} 38. fxg5 {[%clk 0:11:38]} Qxg5
{[%clk 0:05:27]} 39. Qf4 {[%clk 0:11:39]} Qxf4+ {[%clk 0:00:37]} 40. gxf4
{[%clk 0:12:02]} Kg7 {[%clk 0:01:03]} 41. Ke3 {[%clk 0:03:22]} f6
{[%clk 0:27:43]} 42. Rg1+ {[%clk 0:33:15]} Kf7 {[%clk 0:27:34]} 43. Rg3
{[%clk 0:29:24]} Rh8 {[%clk 0:25:59]} 44. Ke4 {[%clk 0:28:06]} fxe5
{[%clk 0:25:35]} 45. dxe5 {[%clk 0:28:15]} a5 {[%clk 0:20:46]} 46. Rc3
{[%clk 0:27:53]} Kg6 {[%clk 0:20:23]} 47. Rc6 {[%clk 0:27:03]} Kf7
{[%clk 0:20:37]} 48. Kf3 {[%clk 0:21:31]} Rg8 {[%clk 0:20:36]} 49. Rc7+
{[%clk 0:21:33]} Kg6 {[%clk 0:20:46]} 50. Kg4 {[%clk 0:20:30]} Rh8
{[%clk 0:18:13]} 51. Rc6 {[%clk 0:19:44]} Kf7 {[%clk 0:18:20]} 52. f5
{[%clk 0:15:10]} exf5+ 53. Kxf5 {[%clk 0:15:34]} Ne7+ {[%clk 0:16:52]} 54. Bxe7
{[%clk 0:15:57]} Kxe7 {[%clk 0:17:20]} 55. Rxb6 {[%clk 0:14:27]} Rh5+
{[%clk 0:17:23]} 56. Kf4 {[%clk 0:14:45]} Rh4+ {[%clk 0:17:28]} 57. Kg3
{[%clk 0:14:30]} Re4 {[%clk 0:17:29]} 58. Kxh3 {[%clk 0:14:19]} Rxe5
{[%clk 0:16:59]} 59. Kg4 {[%clk 0:12:15]} Re4+ {[%clk 0:16:20]} 60. Kf3
{[%clk 0:11:47]} Rd4 {[%clk 0:15:51]} 61. Rb5 {[%clk 0:09:27]} Kf6
{[%clk 0:14:10]} 62. Rxa5 {[%clk 0:07:23]} Rd3+ {[%clk 0:14:33]} 63. Kf4
{[%clk 0:07:41]} Rxb3 {[%clk 0:14:52]} 64. Ra6+ {[%clk 0:08:07]} Kg7
{[%clk 0:12:41]} 65. h4 {[%clk 0:07:04]} Rh3 {[%clk 0:12:41]} 66. Kg5
{[%clk 0:06:38]} Rg3+ {[%clk 0:13:07]} 67. Kh5 {[%clk 0:06:45]} Rg1
{[%clk 0:12:19]} 68. Ra5 {[%clk 0:06:39]} Ra1 {[%clk 0:11:44]} 69. Rg5+
{[%clk 0:06:48]} Kf6 {[%clk 0:06:12]} 70. a5 {[%clk 0:06:43]} Ra4
{[%clk 0:05:52]} 71. a6 {[%clk 0:06:19]} Kf7 {[%clk 0:05:34]} 72. Rg6
{[%clk 0:06:16]} Kf8 {[%clk 0:05:15]} 73. Rb6 {[%clk 0:06:27]} Kg7
{[%clk 0:05:25]} 74. Rb7+ {[%clk 0:06:05]} Kf6 {[%clk 0:05:49]} 75. a7
{[%clk 0:06:13]} Kf5 {[%clk 0:05:39]} 76. Rf7+ {[%clk 0:03:06]} Ke6
{[%clk 0:06:02]} 77. Rh7 {[%clk 0:03:23]} Kf5 {[%clk 0:06:19]} 78. Rg7
{[%clk 0:03:30]} Kf6 {[%clk 0:06:24]} 79. Rc7 {[%clk 0:02:09]} Kf5
{[%clk 0:06:35]} 80. Kh6 {[%clk 0:01:50]} Rxh4+ {[%clk 0:06:52]} 81. Kg7
{[%clk 0:02:19]} Ra4 {[%clk 0:07:16]} 82. Kf7 {[%clk 0:02:44]} Ke5
{[%clk 0:06:54]} 83. Ke7 {[%clk 0:03:09]} Kd5 {[%clk 0:07:01]} 84. Kd7
{[%clk 0:03:32]} Ra1 {[%clk 0:03:04]} 85. Kc8 {[%clk 0:03:02]} Kd6
{[%clk 0:03:10]} 86. Kb8 {[%clk 0:03:10]} Ra5 {[%clk 0:02:34]} 87. Rb7
{[%clk 0:02:32]} 1-0

[Event "Chess House 2012"]
[Site "?"]
[Date "2012.07.09"]
[Round "3.5"]
[White "Doluhanova, 2194, WGM Evgeniya"]
[Black "Kirsanova, 2159, WFM Ekaterina"]
[Result "1-0"]
[LiveChessVersion "1.3.1"]
[BlackElo "2159"]
[WhiteElo "2194"]

1. e4 {[%clk 1:28:03]} c5 {[%clk 1:30:57]} 2. Nf3 {[%clk 1:28:28]} Nc6
{[%clk 1:31:19]} 3. d4 {[%clk 1:28:54]} cxd4 {[%clk 1:31:45]} 4. Nxd4
{[%clk 1:29:22]} Nf6 {[%clk 1:32:10]} 5. Nc3 {[%clk 1:29:49]} e5 {[%clk 1:32:13]}
6. Ndb5 {[%clk 1:30:14]} d6 {[%clk 1:32:34]} 7. Bg5 {[%clk 1:29:40]} a6
{[%clk 1:32:51]} 8. Na3 {[%clk 1:30:06]} b5 {[%clk 1:33:19]} 9. Nd5
{[%clk 1:30:30]} Be7 {[%clk 1:33:30]} 10. Bxf6 {[%clk 1:30:55]} Bxf6
{[%clk 1:33:57]} 11. c4 {[%clk 1:31:22]} b4 {[%clk 1:33:37]} 12. Nc2
{[%clk 1:30:23]} a5 {[%clk 1:33:33]} 13. g3 {[%clk 1:30:12]} Bg5 {[%clk 1:30:44]}
14. Bg2 {[%clk 1:29:10]} O-O {[%clk 1:27:49]} 15. O-O {[%clk 1:28:40]} Ne7
{[%clk 1:23:16]} 16. h4 {[%clk 1:22:16]} Bh6 {[%clk 1:19:50]} 17. b3
{[%clk 1:21:51]} Nxd5 {[%clk 1:11:46]} 18. Qxd5 {[%clk 1:22:11]} Be6
{[%clk 1:12:13]} 19. Qd3 {[%clk 1:22:24]} Ra7 {[%clk 1:09:40]} 20. a3
{[%clk 1:20:59]} bxa3 {[%clk 1:00:50]} 21. Nxa3 {[%clk 1:20:54]} g6
{[%clk 0:55:13]} 22. Nb5 {[%clk 1:20:59]} Rd7 {[%clk 0:55:25]} 23. Qc3
{[%clk 1:14:55]} f5 {[%clk 0:52:10]} 24. exf5 {[%clk 1:14:02]} gxf5
{[%clk 0:52:10]} 25. Qxa5 {[%clk 1:14:09]} Qf6 {[%clk 0:45:41]} 26. Nc7
{[%clk 1:13:01]} Kh8 {[%clk 0:44:09]} 27. Nxe6 {[%clk 1:12:33]} Qxe6
{[%clk 0:44:38]} 28. Qd5 {[%clk 1:12:38]} Qg6 {[%clk 0:38:52]} 29. Ra8
{[%clk 1:11:12]} f4 {[%clk 0:36:58]} 30. Rxf8+ {[%clk 1:08:14]} Bxf8
{[%clk 0:37:27]} 31. Qe4 {[%clk 0:57:42]} Bh6 {[%clk 0:33:59]} 32. Qa8+
{[%clk 0:52:58]} Kg7 {[%clk 0:31:20]} 33. Bd5 {[%clk 0:48:04]} Kf6
{[%clk 0:27:22]} 34. Be4 {[%clk 0:38:17]} Qg4 {[%clk 0:18:31]} 35. Qh8+
{[%clk 0:34:44]} Qg7 {[%clk 0:17:33]} 36. Qxg7+ {[%clk 0:34:59]} Rxg7
{[%clk 0:17:13]} 37. Kh2 {[%clk 0:35:20]} fxg3+ {[%clk 0:15:53]} 38. fxg3+
{[%clk 0:35:44]} Ke7 {[%clk 0:16:12]} 39. b4 {[%clk 0:32:34]} Be3
{[%clk 0:16:23]} 40. Kh3 {[%clk 0:30:00]} h6 {[%clk 0:15:49]} 41. Bd5
{[%clk 0:30:02]} Bd4 {[%clk 0:11:16]} 42. Rf3 {[%clk 0:27:49]} Bb6
{[%clk 0:06:41]} 43. g4 {[%clk 0:27:14]} Bd4 {[%clk 0:06:18]} 44. h5
{[%clk 0:26:48]} Bg1 {[%clk 0:03:41]} 45. Ra3 {[%clk 0:24:45]} Kd8
{[%clk 0:26:43]} 46. Ra6 {[%clk 0:54:23]} Kc7 {[%clk 0:27:01]} 47. c5
{[%clk 0:51:26]} Rd7 {[%clk 0:27:25]} 48. Rc6+ {[%clk 0:50:31]} Kd8
{[%clk 0:26:03]} 49. cxd6 {[%clk 0:50:53]} Rb7 {[%clk 0:24:42]} 50. Be6
{[%clk 0:50:46]} 1-0

[Event "Chess House 2012"]
[Site "?"]
[Date "2012.07.09"]
[Round "3.6"]
[White "Hagesæther, 2278, Halvard"]
[Black "Skytte, 2401, IM Rasmus"]
[Result "1/2-1/2"]
[LiveChessVersion "1.3.1"]
[BlackElo "2401"]
[WhiteElo "2278"]

1. e4 {[%clk 1:30:55]} d5 {[%clk 1:30:50]} 2. exd5 {[%clk 1:31:17]} Qxd5
{[%clk 1:31:08]} 3. Nc3 {[%clk 1:31:38]} Qa5 {[%clk 1:30:56]} 4. Nf3
{[%clk 1:31:56]} Nf6 {[%clk 1:30:02]} 5. Bc4 {[%clk 1:32:08]} c6 {[%clk 1:28:53]}
6. d4 {[%clk 1:31:22]} Bf5 {[%clk 1:27:58]} 7. Bd2 {[%clk 1:30:44]} e6
{[%clk 1:27:24]} 8. Ne4 {[%clk 1:28:59]} Qc7 {[%clk 1:26:04]} 9. Nxf6+
{[%clk 1:28:29]} gxf6 {[%clk 1:26:21]} 10. Qe2 {[%clk 1:28:23]} Nd7
{[%clk 1:24:58]} 11. O-O-O {[%clk 1:28:09]} O-O-O {[%clk 1:15:56]} 12. Nh4
{[%clk 1:27:25]} Bg6 {[%clk 1:15:24]} 13. Bb3 {[%clk 1:23:07]} c5
{[%clk 1:14:00]} 14. d5 {[%clk 1:20:31]} e5 {[%clk 1:13:44]} 15. Nxg6
{[%clk 1:19:57]} hxg6 {[%clk 1:13:51]} 16. h4 {[%clk 1:19:12]} Nb6
{[%clk 1:13:36]} 17. Ba5 {[%clk 1:17:11]} f5 {[%clk 1:11:10]} 18. c4
{[%clk 1:16:30]} Bd6 {[%clk 1:11:27]} 19. h5 {[%clk 1:16:15]} 1/2-1/2

[Event "Chess House 2012"]
[Site "?"]
[Date "2012.07.09"]
[Round "3.7"]
[White "Eggleston, 2323, FM David"]
[Black "Andersen, 2328, Jackie"]
[Result "1/2-1/2"]
[LiveChessVersion "1.3.1"]
[BlackElo "2328"]
[WhiteElo "2323"]

1. e4 {[%clk 1:22:47]} g6 2. d4 {[%clk 1:20:20]} Bg7 {[%clk 1:28:16]} 3. Nc3
{[%clk 1:20:39]} c6 {[%clk 1:27:56]} 4. Nf3 {[%clk 1:20:39]} d6 {[%clk 1:26:34]}
5. Be3 {[%clk 1:11:51]} Nd7 {[%clk 1:25:49]} 6. Qd2 {[%clk 1:09:43]} e5
{[%clk 1:23:28]} 7. d5 {[%clk 1:06:52]} c5 {[%clk 1:21:36]} 8. g4
{[%clk 1:02:47]} a6 {[%clk 1:16:04]} 9. a4 {[%clk 1:02:08]} b6 {[%clk 1:16:25]}
10. h4 {[%clk 0:58:38]} Ndf6 {[%clk 1:14:29]} 11. g5 {[%clk 0:56:27]} Ng4
{[%clk 1:11:05]} 12. h5 {[%clk 0:51:28]} Bd7 {[%clk 1:08:08]} 13. hxg6
{[%clk 0:50:18]} hxg6 {[%clk 1:05:21]} 14. Rxh8 {[%clk 0:50:38]} Bxh8
{[%clk 1:05:46]} 15. Bh3 {[%clk 0:50:21]} Bg7 {[%clk 1:02:52]} 16. Nd1
{[%clk 0:44:53]} Kf8 {[%clk 0:51:45]} 17. Bxg4 {[%clk 0:42:21]} Bxg4
{[%clk 0:47:57]} 18. Nh2 {[%clk 0:42:45]} Bd7 {[%clk 0:45:35]} 19. b4
{[%clk 0:38:58]} c4 {[%clk 0:41:13]} 20. a5 {[%clk 0:36:30]} b5 {[%clk 0:39:26]}
21. c3 {[%clk 0:36:17]} Qe7 {[%clk 0:36:40]} 22. f3 {[%clk 0:36:14]} f5
{[%clk 0:32:32]} 23. gxf6 {[%clk 0:34:27]} Nxf6 {[%clk 0:31:18]} 24. Nf2
{[%clk 0:32:22]} Nh5 {[%clk 0:30:43]} 25. O-O-O {[%clk 0:31:08]} Qh4
{[%clk 0:25:42]} 26. Nfg4 {[%clk 0:28:48]} Kg8 {[%clk 0:24:02]} 27. Rg1
{[%clk 0:23:36]} Rf8 {[%clk 0:21:07]} 28. Bg5 {[%clk 0:19:55]} Qh3
{[%clk 0:21:34]} 29. Be7 {[%clk 0:19:33]} Rxf3 {[%clk 0:20:50]} 30. Nxf3
{[%clk 0:18:56]} Qxf3 {[%clk 0:20:57]} 31. Nf2 {[%clk 0:17:20]} Nf4
{[%clk 0:20:51]} 32. Kb1 {[%clk 0:12:53]} Ne2 {[%clk 0:12:24]} 33. Rxg6
{[%clk 0:12:01]} 1/2-1/2

[Event "Chess House 2012"]
[Site "?"]
[Date "2012.07.09"]
[Round "3.8"]
[White "Jacobsen, 2302, Bo"]
[Black "Pedersen, 2454, IM Nicolai V."]
[Result "1/2-1/2"]
[LiveChessVersion "1.3.1"]
[BlackElo "2454"]
[WhiteElo "2302"]

1. c4 {[%clk 1:30:31]} e5 {[%clk 1:30:40]} 2. g3 {[%clk 1:30:40]} Nf6
{[%clk 1:30:51]} 3. Bg2 {[%clk 1:31:04]} d5 {[%clk 1:30:50]} 4. cxd5
{[%clk 1:31:24]} Nxd5 {[%clk 1:31:08]} 5. Nf3 {[%clk 1:31:00]} Nc6
{[%clk 1:31:02]} 6. O-O {[%clk 1:31:23]} Nb6 {[%clk 1:26:08]} 7. b3
{[%clk 1:31:48]} Be7 {[%clk 1:25:38]} 8. Bb2 {[%clk 1:32:10]} f6 {[%clk 1:21:59]}
9. d3 {[%clk 1:32:05]} O-O {[%clk 1:20:36]} 10. Nbd2 {[%clk 1:33:02]} Be6
{[%clk 1:16:16]} 11. a3 {[%clk 1:32:45]} a5 {[%clk 0:52:31]} 12. Qc2
{[%clk 1:33:07]} Qd7 {[%clk 0:43:00]} 1/2-1/2

[Event "Chess House 2012"]
[Site "?"]
[Date "2012.07.09"]
[Round "3.9"]
[White "Hansen, 2341, FM Mads"]
[Black "Semcesen, 2464, IM Daniel"]
[Result "0-1"]
[LiveChessVersion "1.3.1"]
[BlackElo "2464"]
[WhiteElo "2341"]

1. e4 {[%clk 1:30:21]} e5 {[%clk 1:30:46]} 2. Nf3 {[%clk 1:30:43]} Nc6
{[%clk 1:31:08]} 3. Bb5 {[%clk 1:30:47]} a6 {[%clk 1:30:45]} 4. Ba4
{[%clk 1:31:06]} Nf6 {[%clk 1:30:49]} 5. O-O {[%clk 1:31:08]} b5 {[%clk 1:30:16]}
6. Bb3 {[%clk 1:31:28]} Bc5 {[%clk 1:30:16]} 7. c3 {[%clk 1:27:01]} d6
{[%clk 1:26:30]} 8. a4 {[%clk 1:24:07]} Rb8 {[%clk 1:26:41]} 9. d3
{[%clk 1:19:04]} O-O {[%clk 1:25:44]} 10. axb5 {[%clk 1:18:27]} axb5
{[%clk 1:26:04]} 11. Be3 {[%clk 1:14:07]} Bb6 {[%clk 1:20:14]} 12. Nbd2
{[%clk 1:13:19]} h6 {[%clk 1:15:59]} 13. h3 {[%clk 1:11:24]} Ne7 {[%clk 1:12:32]}
14. Nh4 {[%clk 1:03:33]} g5 {[%clk 1:07:45]} 15. Qf3 {[%clk 0:59:52]} Kg7
{[%clk 1:06:48]} 16. Nf5+ {[%clk 0:59:46]} Nxf5 {[%clk 1:04:03]} 17. exf5
{[%clk 1:00:13]} Qd7 {[%clk 1:02:24]} 18. Bxb6 {[%clk 0:54:43]} Rxb6
{[%clk 1:00:27]} 19. Ra7 {[%clk 0:54:50]} Qxf5 {[%clk 0:51:56]} 20. Rxc7
{[%clk 0:54:20]} Qxf3 {[%clk 0:50:26]} 21. Nxf3 {[%clk 0:54:46]} b4
{[%clk 0:49:46]} 22. Bxf7 {[%clk 0:48:25]} Rb7 {[%clk 0:49:54]} 23. Rxb7
{[%clk 0:47:10]} Bxb7 {[%clk 0:50:17]} 24. Bc4 {[%clk 0:38:59]} bxc3
{[%clk 0:44:57]} 25. bxc3 {[%clk 0:38:47]} Bxf3 {[%clk 0:44:35]} 26. gxf3
{[%clk 0:39:15]} Nh5 {[%clk 0:44:01]} 27. Ra1 {[%clk 0:36:50]} Rxf3
{[%clk 0:41:36]} 28. Ra7+ {[%clk 0:36:42]} Kf8 {[%clk 0:39:14]} 29. Rd7
{[%clk 0:29:58]} Rf6 {[%clk 0:30:10]} 30. d4 {[%clk 0:23:59]} e4 {[%clk 0:24:57]}
31. Bf1 {[%clk 0:15:50]} Nf4 {[%clk 0:24:02]} 32. Rc7 {[%clk 0:13:38]} Ke8
{[%clk 0:21:28]} 33. Ra7 {[%clk 0:09:55]} d5 {[%clk 0:19:18]} 34. Rc7
{[%clk 0:08:04]} Rb6 {[%clk 0:16:04]} 35. c4 {[%clk 0:07:58]} dxc4
{[%clk 0:15:36]} 36. Rxc4 {[%clk 0:08:03]} Rb1 {[%clk 0:15:39]} 37. h4
{[%clk 0:05:09]} Ne2+ {[%clk 0:07:29]} 38. Kg2 {[%clk 0:05:29]} Nf4+
{[%clk 0:07:54]} 39. Kg1 {[%clk 0:05:54]} Ke7 {[%clk 0:06:13]} 40. hxg5
{[%clk 0:03:09]} hxg5 {[%clk 0:06:29]} 41. Ra4 {[%clk 0:00:33]} Kf6
{[%clk 0:05:01]} 42. Ra3 {[%clk 0:30:35]} Ne2+ {[%clk 0:30:16]} 43. Kg2
{[%clk 0:31:04]} Nf4+ {[%clk 0:30:36]} 44. Kg1 {[%clk 0:31:32]} Ne2+
{[%clk 0:30:12]} 45. Kg2 {[%clk 0:32:01]} Nxd4 {[%clk 0:30:34]} 46. Ra5
{[%clk 0:26:48]} Nf3 {[%clk 0:29:40]} 47. Ba6 {[%clk 0:25:21]} Rg1+
{[%clk 0:29:52]} 48. Kh3 {[%clk 0:25:42]} g4# {[%clk 0:30:15]} 0-1

[Event "Chess House 2012"]
[Site "?"]
[Date "2012.07.09"]
[Round "3.10"]
[White "Papp, 2303, WIM Petra"]
[Black "Kyhl Sørensen, 2181, Torben"]
[Result "1/2-1/2"]
[LiveChessVersion "1.3.1"]
[BlackElo "2181"]
[WhiteElo "2303"]

1. e4 {[%clk 1:29:45]} c5 {[%clk 1:30:47]} 2. Nf3 {[%clk 1:30:08]} Nc6
{[%clk 1:30:57]} 3. d4 {[%clk 1:30:30]} cxd4 {[%clk 1:31:14]} 4. Nxd4
{[%clk 1:30:52]} Nf6 {[%clk 1:31:26]} 5. Nc3 {[%clk 1:31:13]} e5 {[%clk 1:31:39]}
6. Ndb5 {[%clk 1:31:32]} d6 {[%clk 1:31:48]} 7. Bg5 {[%clk 1:31:48]} a6
{[%clk 1:32:00]} 8. Na3 {[%clk 1:32:09]} b5 {[%clk 1:32:10]} 9. Nd5
{[%clk 1:31:59]} Be7 {[%clk 1:32:23]} 10. Bxf6 {[%clk 1:31:19]} Bxf6
{[%clk 1:32:37]} 11. c3 {[%clk 1:31:29]} O-O {[%clk 1:32:40]} 12. Nc2
{[%clk 1:30:25]} Bg5 {[%clk 1:32:32]} 13. a4 {[%clk 1:26:30]} bxa4
{[%clk 1:32:03]} 14. Rxa4 {[%clk 1:26:41]} a5 {[%clk 1:31:34]} 15. Bc4
{[%clk 1:26:44]} Rb8 {[%clk 1:31:15]} 16. b3 {[%clk 1:26:56]} Kh8
{[%clk 1:28:14]} 17. Nce3 {[%clk 1:22:39]} Bxe3 {[%clk 1:16:51]} 18. Nxe3
{[%clk 1:19:46]} Ne7 {[%clk 1:14:32]} 19. O-O {[%clk 1:15:57]} Bb7
{[%clk 1:12:53]} 20. Nd5 {[%clk 0:55:28]} Bc6 {[%clk 1:07:08]} 21. Ra2
{[%clk 0:53:54]} Nxd5 {[%clk 1:06:10]} 22. Bxd5 {[%clk 0:53:20]} Qb6
{[%clk 1:05:34]} 23. Bxc6 {[%clk 0:43:59]} Qxc6 {[%clk 1:02:29]} 24. Qc2
{[%clk 0:44:21]} Qb5 {[%clk 0:55:50]} 25. Rb1 {[%clk 0:43:20]} Rfc8
{[%clk 0:55:27]} 26. g3 {[%clk 0:40:19]} h6 {[%clk 0:52:07]} 27. c4
{[%clk 0:32:49]} Rxc4 {[%clk 0:50:14]} 28. Qxc4 {[%clk 0:32:07]} Qxc4
{[%clk 0:50:11]} 29. bxc4 {[%clk 0:32:33]} Rxb1+ {[%clk 0:50:14]} 30. Kg2
{[%clk 0:33:02]} Rb4 {[%clk 0:48:46]} 31. Rxa5 {[%clk 0:32:10]} Rxc4
{[%clk 0:48:59]} 32. Rd5 {[%clk 0:32:02]} Rxe4 {[%clk 0:48:15]} 33. Rxd6
{[%clk 0:32:27]} h5 {[%clk 0:44:45]} 34. h4 {[%clk 0:31:05]} Kh7 {[%clk 0:39:15]}
35. Kf3 {[%clk 0:31:01]} Re1 {[%clk 0:36:40]} 36. Ra6 {[%clk 0:30:28]} f5
{[%clk 0:35:58]} 37. Rb6 {[%clk 0:30:18]} g6 {[%clk 0:35:46]} 38. Ra6
{[%clk 0:29:06]} Kh6 {[%clk 0:35:55]} 39. Re6 {[%clk 0:27:19]} e4+
{[%clk 0:33:32]} 40. Kg2 {[%clk 0:27:00]} Re2 {[%clk 0:33:11]} 41. Kf1
{[%clk 0:26:50]} Ra2 {[%clk 0:33:10]} 42. Rb6 {[%clk 0:26:35]} Rd2
{[%clk 0:31:13]} 43. Rb7 {[%clk 0:22:56]} Rd3 {[%clk 0:27:12]} 44. Rf7
{[%clk 0:22:34]} e3 {[%clk 0:26:36]} 45. fxe3 {[%clk 0:21:02]} Rxe3
{[%clk 0:26:38]} 46. Kf2 {[%clk 0:21:18]} 1/2-1/2